000 00400nam a2200145Ia 4500
008 200619s9999 xx 000 0 und d
020 _a8171679935
082 _a923.2GEO
100 _aVarghese K. George
245 0 _aJayapraksh Narayan –The Eternal Rebel
264 _aNew Delhi
_bRupa & Company
_c2002
300 _a64
942 _cIR
999 _c119613
_d119613